Statistiques concernant Serie A Joueur de l'année

Cliquez ici pour prendre le quiz!

Statistiques générales

  • Ce quiz a été pris 104 fois
  • Le résultat moyen est 6 sur 22

Statistiques - réponses

AnnéeJoueur de l'année% Correct
2019Cristiano Ronaldo
87%
2020Cristiano Ronaldo
87%
2017Gianluigi Buffon
61%
2004Kaka
48%
2007Kaka
48%
2006Fabio Cannavaro
43%
2003Pavel Nedved
33%
2001Zinedine Zidane
33%
2002David Trezeguet
27%
2013Andrea Pirlo
15%
2014Andrea Pirlo
15%
2012Andrea Pirlo
15%
2021Romelu Lukaku
13%
2011Zlatan Ibrahimovic
12%
2009Zlatan Ibrahimovic
12%
2008Zlatan Ibrahimovic
12%
2000Francesco Totti
7%
2010Diego Milito
5%
2016Leonardo Bonucci
4%
2018Mauro Icardi
2%
2015Carlos Tevez
1%
2005Alberto Gilardino
0%

Distribution des résultats

Percentile par nombre de réponses

% des personnes avec chaque résultat

Votre développement - résultats

Vous n’avez pas pris ce quiz